<?xml version="1.0" encoding="UTF-8"?>
<collection xmlns="http://www.loc.gov/MARC21/slim">
 <record>
  <leader>01711nam a22002657a 4500</leader>
  <controlfield tag="001">NCT_60486</controlfield>
  <controlfield tag="008">190223b        xxu||||| |||| 00| 0 vie d</controlfield>
  <datafield tag="999" ind1=" " ind2=" ">
   <subfield code="c">2933</subfield>
   <subfield code="d">2933</subfield>
  </datafield>
  <datafield tag="020" ind1=" " ind2=" ">
   <subfield code="a">9786040038975</subfield>
   <subfield code="c">60000</subfield>
  </datafield>
  <datafield tag="082" ind1="0" ind2="4">
   <subfield code="2">23rd ed.</subfield>
   <subfield code="a">618.92</subfield>
   <subfield code="b">Đ250</subfield>
  </datafield>
  <datafield tag="100" ind1="1" ind2=" ">
   <subfield code="a">Đinh Ngọc Đệ</subfield>
   <subfield code="e">Chủ biên</subfield>
  </datafield>
  <datafield tag="245" ind1="1" ind2="0">
   <subfield code="a">Câu hỏi tự lượng giá điều dưỡng nhi khoa</subfield>
   <subfield code="b">(Dùng cho đào tạo cao đẳng điều dưỡng)</subfield>
   <subfield code="c">Đinh Ngọc Đệ (chủ biên) </subfield>
  </datafield>
  <datafield tag="250" ind1=" " ind2=" ">
   <subfield code="a">Tái bản lần thứ 1, có sửa chữa</subfield>
  </datafield>
  <datafield tag="260" ind1=" " ind2=" ">
   <subfield code="a">H.</subfield>
   <subfield code="b">Giáo dục Việt Nam</subfield>
   <subfield code="c">2014</subfield>
  </datafield>
  <datafield tag="300" ind1=" " ind2=" ">
   <subfield code="a">219 tr.</subfield>
   <subfield code="c">27cm</subfield>
  </datafield>
  <datafield tag="500" ind1=" " ind2=" ">
   <subfield code="a">ĐTTS ghi: Bộ Y tế</subfield>
  </datafield>
  <datafield tag="520" ind1="3" ind2=" ">
   <subfield code="a">Cuốn sách gồm 1000 câu hỏi trắc nghiệm khách quan được biên soạn dựa vào cuốn Điều dưỡng Nhi khoa</subfield>
  </datafield>
  <datafield tag="653" ind1=" " ind2=" ">
   <subfield code="a">Y Đa khoa</subfield>
  </datafield>
  <datafield tag="942" ind1=" " ind2=" ">
   <subfield code="2">ddc</subfield>
   <subfield code="c">BK</subfield>
  </datafield>
  <datafield tag="952" ind1=" " ind2=" ">
   <subfield code="0">0</subfield>
   <subfield code="1">0</subfield>
   <subfield code="2">ddc</subfield>
   <subfield code="4">0</subfield>
   <subfield code="6">618_920000000000000_Đ250</subfield>
   <subfield code="7">0</subfield>
   <subfield code="9">15814</subfield>
   <subfield code="a">000001</subfield>
   <subfield code="b">000001</subfield>
   <subfield code="d">2019-02-23</subfield>
   <subfield code="o">618.92 Đ250</subfield>
   <subfield code="p">MD.14504</subfield>
   <subfield code="r">2019-02-23</subfield>
   <subfield code="v">60000.00</subfield>
   <subfield code="w">2019-02-23</subfield>
   <subfield code="y">BK</subfield>
  </datafield>
  <datafield tag="952" ind1=" " ind2=" ">
   <subfield code="0">0</subfield>
   <subfield code="1">0</subfield>
   <subfield code="2">ddc</subfield>
   <subfield code="4">0</subfield>
   <subfield code="6">618_920000000000000_Đ250</subfield>
   <subfield code="7">0</subfield>
   <subfield code="9">15815</subfield>
   <subfield code="a">000001</subfield>
   <subfield code="b">000001</subfield>
   <subfield code="d">2019-02-23</subfield>
   <subfield code="o">618.92 Đ250</subfield>
   <subfield code="p">MD.14505</subfield>
   <subfield code="r">2019-02-23</subfield>
   <subfield code="v">60000.00</subfield>
   <subfield code="w">2019-02-23</subfield>
   <subfield code="y">BK</subfield>
  </datafield>
  <datafield tag="952" ind1=" " ind2=" ">
   <subfield code="0">0</subfield>
   <subfield code="1">0</subfield>
   <subfield code="2">ddc</subfield>
   <subfield code="4">0</subfield>
   <subfield code="6">618_920000000000000_Đ250</subfield>
   <subfield code="7">0</subfield>
   <subfield code="9">15816</subfield>
   <subfield code="a">000001</subfield>
   <subfield code="b">000001</subfield>
   <subfield code="d">2019-02-23</subfield>
   <subfield code="o">618.92 Đ250</subfield>
   <subfield code="p">MD.14506</subfield>
   <subfield code="r">2019-02-23</subfield>
   <subfield code="v">60000.00</subfield>
   <subfield code="w">2019-02-23</subfield>
   <subfield code="y">BK</subfield>
  </datafield>
  <datafield tag="952" ind1=" " ind2=" ">
   <subfield code="0">0</subfield>
   <subfield code="1">0</subfield>
   <subfield code="2">ddc</subfield>
   <subfield code="4">0</subfield>
   <subfield code="6">618_920000000000000_Đ250</subfield>
   <subfield code="7">0</subfield>
   <subfield code="9">15817</subfield>
   <subfield code="a">000001</subfield>
   <subfield code="b">000001</subfield>
   <subfield code="d">2019-02-23</subfield>
   <subfield code="o">618.92 Đ250</subfield>
   <subfield code="p">MD.14507</subfield>
   <subfield code="r">2019-02-23</subfield>
   <subfield code="v">60000.00</subfield>
   <subfield code="w">2019-02-23</subfield>
   <subfield code="y">BK</subfield>
  </datafield>
  <datafield tag="952" ind1=" " ind2=" ">
   <subfield code="0">0</subfield>
   <subfield code="1">0</subfield>
   <subfield code="2">ddc</subfield>
   <subfield code="4">0</subfield>
   <subfield code="6">618_920000000000000_Đ250</subfield>
   <subfield code="7">0</subfield>
   <subfield code="9">15818</subfield>
   <subfield code="a">000001</subfield>
   <subfield code="b">000001</subfield>
   <subfield code="d">2019-02-23</subfield>
   <subfield code="o">618.92 Đ250</subfield>
   <subfield code="p">MD.14508</subfield>
   <subfield code="r">2019-02-23</subfield>
   <subfield code="v">60000.00</subfield>
   <subfield code="w">2019-02-23</subfield>
   <subfield code="y">BK</subfield>
  </datafield>
  <datafield tag="980" ind1=" " ind2=" ">
   <subfield code="a">Thư viện Trường Đại học Nam Cần Thơ</subfield>
  </datafield>
 </record>
</collection>
